Derecho internacional Privado. (I)/ (Registro nro. 7955)
[ vista simple ]
| 000 -LEADER | |
|---|---|
| fixed length control field | 01591nam a2200217Ia 4500 |
| 005 - FECHA Y HORA DE LA ÚLTIMA TRANSACCIÓN | |
| control field | 20230427103400.0 |
| 008 - FIXED-LENGTH DATA ELEMENTS--GENERAL INFORMATION | |
| fixed length control field | 230425s9999 xx 000 0 und d |
| 020 ## - INTERNATIONAL STANDARD BOOK NUMBER | |
| International Standard Book Number | 84-362-3426-x |
| 040 ## - CATALOGING SOURCE | |
| Original cataloging agency | UPAN |
| Transcribing agency | Biblioteca San Vicente |
| Description conventions | RCAA2 |
| 041 ## - LANGUAGE CODE | |
| Language code of text/sound track or separate title | spa |
| 082 ## - DEWEY DECIMAL CLASSIFICATION NUMBER | |
| Classification number | 340.9 |
| Item number | P474d |
| 100 ## - MAIN ENTRY--PERSONAL NAME | |
| Personal name | Pérez Vera, Elisa |
| Relator code | comp. |
| 245 #0 - TITLE STATEMENT | |
| Title | Derecho internacional Privado. (I)/ |
| Statement of responsibility, etc | Elisa Pérez Vera, Paloma Abarca Junco, A. L. Calvo Caravaca, J. D. González Campos, M. Virgos Soriano |
| 250 ## - EDITION STATEMENT | |
| Edition statement | 6° ed. |
| 260 ## - PUBLICATION, DISTRIBUTION, ETC. (IMPRINT) | |
| Place of publication, distribution, etc | España: |
| Name of publisher, distributor, etc | UNED, |
| Date of publication, distribution, etc | 1997 |
| 300 ## - PHYSICAL DESCRIPTION | |
| Extent | 413 p.; |
| Dimensions | 28 cm. |
| 505 ## - FORMATTED CONTENTS NOTE | |
| Formatted contents note | Parte General<br/>I. El derecho internacional privado<br/>II. El sistema español de derecho internacional privado<br/>III. La regulación jurídica del trafico externo<br/>IV. El proceso de aplicación de las normas de derecho internacional privado<br/>V. Problemas de aplicación de las normas de derecho internacional privado (I)<br/>VI. Problemas de aplicación de las normas de derecho internacional privado (II)<br/>Parte especial: derecho de la nacionalidad<br/>VII. Derecho de la nacionalidad (I)<br/>VIII: Derecho de la nacionalidad (II) La vecindad civil<br/>Derecho de extranjería<br/>IX: Derecho de extranjería<br/>Derecho procesal civil internacional: introducción general<br/>X. Competencia judicial internacional de los tribunales españoles<br/>XI. Regimen del proceso civil con elementos extranjeros y asistencia judicial internacional<br/>XII. Reconocimiento y ejecución de decisiones judiciales extranjeras<br/> <br/> <br/> |
| 650 ## - SUBJECT ADDED ENTRY--TOPICAL TERM | |
| Source of heading or term | LEMB |
| General subdivision | Derecho internacional privado |
| 700 ## - ADDED ENTRY--PERSONAL NAME | |
| Personal name | Abarca Junco, Paloma |
| Relator code | aut. |
| 942 ## - ADDED ENTRY ELEMENTS (KOHA) | |
| Koha item type | Libros |
| Source of classification or shelving scheme | Dewey Decimal Classification |
| Withdrawn status | Lost status | Source of classification or shelving scheme | Damaged status | Not for loan | Collection code | Home library | Current library | Date acquired | Total Checkouts | Full call number | Barcode | Date last seen | Price effective from | Koha item type | Copy number |
|---|---|---|---|---|---|---|---|---|---|---|---|---|---|---|---|
| Dewey Decimal Classification | Colección General | Biblioteca UPAN San Vicente | Biblioteca UPAN San Vicente | 25/04/2023 | 340.9 P474d | 12000556 | 25/04/2023 | 25/04/2023 | Libros | ||||||
| Dewey Decimal Classification | Colección General | Biblioteca UPAN San Vicente | Biblioteca UPAN San Vicente | 27/04/2023 | 340.9 P474d | 12000557 | 27/04/2023 | 27/04/2023 | Libros | 01 |